[Event "COL-ch U26 (Women)"]
[Site "Medellin"]
[Date "2018.10.20"]
[Round "6"]
[White "Quiroga, Michelle"]
[Black "Godoy Taborda, Valentina"]
[Result "1/2-1/2"]
[WhiteElo "1307"]
[BlackElo "1600"]
[PlyCount "79"]
[EventDate "2018.10.18"]
[EventType "swiss"]
[EventRounds "6"]
[EventCountry "COL"]
[SourceTitle "CBM 187 Extra"]
[Source "ChessBase"]
[SourceDate "2018.11.04"]
[SourceVersion "1"]
[SourceVersionDate "2018.11.04"]
[SourceQuality "1"]

1. e4 e6 2. Nc3 d5 3. exd5 exd5 4. d4 Bb4 5. Bd2 Ne7 6. Nf3 0-0 7. Bd3 Nbc6 8. 0-0 Bg4 9. a3 Ba5 10. Be3 Bb6 11. Ne2 Bxf3 12. gxf3 f5 13. c3 f4 14. Nxf4 Qd6 15. Qd2 Nf5 16. Bxf5 Rxf5 17. Kh1 Raf8 18. Rg1 Ne7 19. Rg4 c6 20. Rag1 g6 21. Nh5 Bc7 22. f4 Kh8 23. Ng3 Qf6 24. Ne2 Rh5 25. R1g2 Nf5 26. Rg5 Nh4 27. Rxh5 Nxg2 28. Rg5 Nxf4 29. Bxf4 Bxf4 30. Qxf4 Qxf4 31. Nxf4 Rxf4 32. Kg2 Re4 33. Re5 Rxe5 34. dxe5 Kg7 35. f4 Kf7 36. Kg3 c5 37. Kf3 h6 38. b4 b6 39. Kg4 Ke6 40. h4 1/2-1/2

[Event "COL-ch U26 (Women)"]
[Site "Medellin"]
[Date "2018.10.18"]
[Round "1"]
[White "Calderon Zuluaga, Andrea"]
[Black "Quiroga, Michelle"]
[Result "1-0"]
[WhiteElo "1668"]
[BlackElo "1307"]
[PlyCount "27"]
[EventDate "2018.10.18"]
[EventType "swiss"]
[EventRounds "6"]
[EventCountry "COL"]
[SourceTitle "CBM 187 Extra"]
[Source "ChessBase"]
[SourceDate "2018.11.04"]
[SourceVersion "1"]
[SourceVersionDate "2018.11.04"]
[SourceQuality "1"]

1. d4 d5 2. Nf3 Nc6 3. e3 f6 4. b3 e5 5. dxe5 fxe5 6. Bb2 Qd6 7. Nbd2 Bf5 8. Bb5 e4 9. Nd4 Bd7 10. Bxc6 Bxc6 11. Nxc6 Qxc6 12. Qh5+ g6 13. Qe5+ Be7 14. Qxh8 1-0